00323nam a2200121Ia 4500008004100000041000800041082001400049100001600063245004500079260003800124300003200162365000700194240624s9999 xx 000 0 und d aeng a332.1 RAJ aRAJSHEKAR N aASIAN BANKING CRISES IN THE 90S PERSPECT c2004aHyderabadbICFAI University aviii, : 179 : p. : cm. ; 23 cRS